Dental health. (Record no. 145)
[ view plain ]
| 000 -LEADER | |
|---|---|
| fixed length control field | 01146nam a2200169 a 4500 |
| 005 - DATE AND TIME OF LATEST TRANSACTION | |
| control field | 20260322212008.0 |
| 008 - FIXED-LENGTH DATA ELEMENTS--GENERAL INFORMATION | |
| fixed length control field | data |
| 099 ## - LOCAL FREE-TEXT CALL NUMBER (OCLC) | |
| Classification number | DVD WU 113 D468 |
| 001 - CONTROL NUMBER | |
| control field | data |
| 245 10 - TITLE STATEMENT | |
| Title | Dental health. |
| 260 ## - PUBLICATION, DISTRIBUTION, ETC. | |
| Place of publication, distribution, etc. | Princeton, NJ : |
| Name of publisher, distributor, etc. | Films for the Humanities & Sciences, |
| Date of publication, distribution, etc. | 2006. |
| 300 ## - PHYSICAL DESCRIPTION | |
| Extent | DVD video 1 videodisc (28 min.) : |
| Other physical details | sd., col. ; 4 3/4 in. |
| 520 3# - SUMMARY, ETC. | |
| Summary, etc. | Good dentists--and smart dental patients--think of the mouth as the line of defense against disease. This program details the importance of maintaining good dental health, not only for aesthetic reasons, but also to prevent diabetes, cardiovascular inflammation, and other serious health threats. Illustrating the ways that gingivitis and periodontal disease destroy gum and bone tissue, the program shows how these mouth ailments can ultimately weaken systems throughout the body, with dangerous and possibly fatal effects on the pancreas, blood vessels, heart, and even unborn babies. Interviews with respected dentists reinforce critical concepts and treatment options."--Container. |
| 650 #0 - SUBJECT ADDED ENTRY--TOPICAL TERM | |
| Topical term or geographic name entry element | Teeth |
| General subdivision | Care and hygiene |
| 650 #0 - SUBJECT ADDED ENTRY--TOPICAL TERM | |
| Topical term or geographic name entry element | Teeth |
| General subdivision | Health aspects |
| 650 #4 - SUBJECT ADDED ENTRY--TOPICAL TERM | |
| Topical term or geographic name entry element | Preventive dentistry. |
| Withdrawn status | Lost status | Damaged status | Not for loan | Home library | Current library | Shelving location | Date acquired | Total checkouts | Full call number | Barcode | Date last seen | Price effective from | Koha item type |
|---|---|---|---|---|---|---|---|---|---|---|---|---|---|
| Riverside | Riverside | General stacks | 22/03/2026 | GEN | BC0010149 | 22/03/2026 | 22/03/2026 | Books |